Methods in industrial microbiology

Kaydedildi:
Detaylı Bibliyografya
Yazar: Sikyta, Bohumil (Yazar)
Materyal Türü: Kitap
Dil:İngilizce
Baskı/Yayın Bilgisi: Chichester Ellis Horwood 1983
Chichester John Wiley 1983
Konular:
Etiketler: Etiketle
Etiket eklenmemiş, İlk siz ekleyin!

MARC

LEADER 00000nam a2200000 a 4500
001 UCU7248
003 CL-VaPUC
008 960628e19830000uk |||||||||||||||||eng|d
082 0 4 |a 660.62  |b SIK  |2 21 
100 0 |a Sikyta, Bohumil  |e author  |9 365910 
245 1 0 |a Methods in industrial microbiology 
300 |a 349 p 
942 |c BK 
945 |d 19960628 00:00:00  |a paguirre 
260 |a Chichester  |b Ellis Horwood  |c 1983 
260 |a Chichester  |b John Wiley  |c 1983 
650 0 |a Tecnología química   |9 263002 
650 0 |a Microbiología   |9 259706 
650 7 |a INDUSTRIA QUIMICA  |2 CL-VaPUC  |9 365911 
650 0 |a Microbios  |9 326597 
650 0 |a Cultivos celulares  |9 326596 
650 0 |a Fermentación  |9 259565 
650 7 |a ESTERILIZACION  |2 CL-VaPUC  |9 324904 
650 0 |a Cinética  |9 260943 
650 0 |a Agua  |9 257149 
650 0 |a Alcoholes   |9 257199 
650 0 |a Estados de la Materia  |9 347141 
650 0 |a Líquidos  |9 260946 
583 |a last modification  |c 20171010 01:42:16  |k Rodrigo Vera 
999 |c 249925  |d 249923 
952 |0 0  |1 0  |4 0  |6 660_620000000000000_SIK_1983_1983  |7 0  |8 A  |9 267496  |a BIBING  |b BIBING  |d 2019-11-19  |i 1699016  |o 660.62 SIK 1983 1983  |p 1699016  |r 2025-01-20  |w 2019-11-19  |y BK  |k EIB